| 000 | 00621 a2200193 4500 | ||
|---|---|---|---|
| 010 | _aENG-85283 | ||
| 020 | _c200.00 | ||
| 035 | _aEN-68816 | ||
| 037 | _bD.B.Act / Pub | ||
| 082 | 1 | 4 | _aS |
| 090 |
_c2194 _d2194 |
||
| 100 | 1 | _aKumar, K Pune | |
| 245 | 1 |
_a20 Fascinating stories _cby K. Kumar Pune _ba colllection of Indian stories |
|
| 260 |
_aTrivandrum _bPoetree Garden _c2005 |
||
| 270 |
_aKerala University, P.O. Trivandrum _bTrivandrum _cKerala _e695034 |
||
| 300 |
_a172 p. _c22 cm. (Pbk) |
||
| 942 |
_adpl _cEN _kS/ KUM |
||
| 999 |
_c2154 _d2154 |
||